MDQL
is popping MORE tags! Check the
thread
!
Quizzes
Events
Quiz Creation
Community
Videos
Private Events
Remove Ads
Sign In
Join for FREE
Feedback
Dark Mode
Quiz Categories
Sports
Geography
Music
Movies
Television
Just For Fun
Miscellaneous
History
Literature
Language
Science
Gaming
Entertainment
Religion
Holiday
For Kids
Quiz Lab
Recent
Popular Today
Quiz Kudos Today
Editor Picks
Curator Picks
Quizzes by...
Day
Popularity
Type
Ratings
Length
Year
Community
Subscriptions
Recent Discussions
Orange Saloon
Badges
Playlists
Quests
Create
Leaderboards
Showdown
Live 5
Trivia Bingo
Activity
Puzzle Library
Sporcle Events
Private Events
Virtual Trivia
Globe League
Become a Host
Pub Owners
SporcleCon
Opinionation
Our Games
Videos
Blog
Mobile Apps
Partnerships
Remove Ads and Go Orange
Feedback
Music
Pop Music
The Beatles
Song
Album
Lyrics
Bands
Singers
Artist
Clip
Rock
Rap
Classical
Billboard
Country Music
Kpop
Taylor Swift
Music
Pop Music
The Beatles
Song
Album
Lyrics
Bands
Singers
Artist
Clip
Rock
Rap
Classical
Billboard
Country Music
Kpop
Taylor Swift
Random Quiz
Search Sporcle
×
Quiz Lab
Quiz Lab
Music
Rap
Type in answers that appear in a list
Type in answers that appear in a list
Classic
Best Score? Go Orange.
Record labels named in GZA's song Labels Stats
Can you name the record labels mentioned in GZA's song Labels
By
Hoopsgza
20m
42 Questions
104 Plays
104 Plays
104 Plays
Comments
Comments
Give Quiz Kudos
Give Quiz Kudos
-
- Ratings
hide this ad
More Info
Replay
Link that replays current quiz
Next Quiz
Link to next quiz in quiz playlist
You Got
0%
They Got
Avg Score
46%
Avg Friend Score
Upgrade to see
Score Distribution
Jump to the score distribution portion of the page
Score
0/42
Timer
20:00
0
Plays Today
% Correct
Def Jam
81.7%
Tommy Boy
70.2%
Death Row
69.2%
Bad Boy
62.5%
Virgin
61.5%
Cold Chillin'
59.6%
Atlantic
58.7%
Ruthless
56.7%
Columbia
54.8%
Priority
51.9%
RCA
51.9%
Mercury
50%
MC
50%
Epic
50%
A&M
49%
Interscope
48.1%
Arista
47.1%
Motown
47.1%
Livin Large
46.2%
Ruffhouse
45.2%
Warner Brothers
45.2%
% Correct
Jive
45.2%
Geffen
45.2%
Atco
43.3%
Island
42.3%
Loud
42.3%
CBS
41.3%
MCA
40.4%
Tuff City
39.4%
East West
39.4%
Pendulum
39.4%
Sleeping Bag
37.5%
Capitol
36.5%
Next Plateau
36.5%
Profile
35.6%
Rush Associated Labels
35.6%
First Priority
35.6%
Uptown
34.6%
4th & Broadway
34.6%
Razor Sharp
29.8%
EMIRG
27.9%
Wild Pitch
26.9%
Quiz Playlist
Details
Report
Send in Message
Add To Playlist
More Info:
With his 1995 single "Labels" off of the classic Liquid Swords album, GZA was warning the hip-hop community of record labels to be wary of.
Classic:
Type in answers that appear in a list
Quiz Source
Last Updated: Feb 16, 2017
Quiz Scoreboard
CHALLENGE
Sign Up to Join the Scoreboard
Show All
Scores
Hide
Comments
May contain spoilers
Recently Published
Find the 'City' Movie
by crazypaving
Movies
60s
5x2 Blitz: Bands
by SL_Kpop136
Music
30s
Colored Red Africa Blitz
by spor1
Geography
30s
More to Explore
Quiz From the Vault
Featured Blog Post
14 Easter Pick-up Lines to Find Eggs With
hide this ad
You Might Also Like...
Tags
Lyrics Quiz
Rap Quiz
Hip-Hop
Wu-Tang
Today's Top Quizzes in Music
Browse Music
hide this ad
Today's Top Quizzes in Rap
Browse Rap
Top Contributed Quizzes in Music
1
5X2 Blitz: Bands II
2
Taylor Swift All Songs (2024)
3
Taylor Swift Logic Puzzle II
4
5X2 Blitz: The Beatles
5
5X2 Blitz: Billboard
6
Taylor Swift Logic Puzzle
7
5X2 Blitz: Billboard II
8
5X2 Blitz: Album
9
5X2 Blitz: Singers
10
Music Artist by Three 2010s hits
Explore More
Trending Topics
Harry Potter
Kpop
Anime
Crossword
Disney
NBA
Marvel
Soccer
Song
Puzzle
Country
NFL
WWE
The Office
Pokémon
hide this ad
More By:
Hoopsgza
Quiz
Plays
Rating
Category
Featured
Created
record labels named in GZA's song Labels
104
5.00
Music
Nov 22, 2013
Go to Creator's Profile
Score Distribution
Quiz Creator Spotlight
Hoopsgza
Follow
Send a Message
Quizzes Created
-
Created Quiz Play Count
-
More By This Creator
Popular Quizzes Today
1
Colored Red Africa Blitz
2
Find the US States - No Outlines Minefield
3
Find the 'City' Movie
4
5x2 Blitz: Bands
5
The Countries of the World
6
Find the US States
7
US States
8
9x9 Crossword: Cartoon Network
More Music Quizzes
Taylor Swift 1989 Songs
Quiz Lab
Trending Quizzes
Colored Red Europe Blitz I
Colored Red Europe Blitz II
Colored Red Africa Blitz II
Colored Red Africa Blitz III
Colored Red Europe Blitz III
Recently Updated
Godzilla Movies
pecheneg
Grab Bag: 4-10 Letters
pecheneg
2024 March Madness Bracket
pecheneg
Famous TV Couples
Peacemaker
Champions League XIs: Real Madrid
pecheneg
Largest US Cities 1790-2010
pecheneg
Rides in Walt Disney World
pecheneg
Most Oscar Losses (Acting)
pecheneg
Beyoncé Albums
pecheneg
Leaping Animals
pecheneg
Trending Topics
NBA
Disney
Harry Potter
Marvel
Crossword
Anime
Kpop
Pokémon
Song
NFL
The Office
Soccer
Puzzle
Country
WWE
Your Account Isn't Verified!
In order to create a playlist on Sporcle, you need to verify the email address you used during registration. Go to your
Sporcle Settings
to finish the process.
Report this User
Report this user for behavior that violates our
Community Guidelines
.
Details:
Send Report
Go to the Sporcle.com Mobile Site →
Comments